00368nam a22001097a 4500008004100000082001500041245011000056260005700166300000800223942001200231999001500243230621b xxu||||| |||| 00| 0 eng d a328.3bRSA aProcedural Developments in the National Assembly bFirst Session -Third Parliament April to December 2004 aSouth AfricabParliament of Republic of South Africa a31p 2ddccBK c2333d2333